MARC details
| 000 -CABECERA |
| campo de control de longitud fija |
04039nam a2200541Ia 4500 |
| 001 - NÚMERO DE CONTROL |
| campo de control |
dia_5975 |
| 003 - IDENTIFICADOR DEL NÚMERO DE CONTROL |
| campo de control |
CHAP |
| 005 - FECHA Y HORA DE LA ÚLTIMA TRANSACCIÓN |
| campo de control |
20240820184122.0 |
| 007 - CAMPO FIJO DE DESCRIPCIÓN FÍSICA--INFORMACIÓN GENERAL |
| campo de control de longitud fija |
ta |
| 008 - DATOS DE LONGITUD FIJA--INFORMACIÓN GENERAL |
| campo de control de longitud fija |
220601s2015 mx bdeofrm 001 0 spa d |
| 040 ## - FUENTE DE LA CATALOGACIÓN |
| Centro catalogador/agencia de origen |
mxchpua |
| Centro/agencia transcriptor |
CHAP |
| Normas de descripción |
rda |
| 041 0# - CÓDIGO DE LENGUA |
| Código de lengua del texto/banda sonora o título independiente |
spa |
| Código de lengua del sumario o resumen |
eng |
| 090 ## - LOCALMENTE ASIGNADO TIPO-LC NÚMERO DE CLASIFICACIÓN (OCLC); NÚMERO DE CLASIFICACIÓN LOCAL (RLIN) |
| Número de clasificación (OCLC) (R) ; Numero de clasificación, CALL (RLIN) (NR) |
Tesis |
| Número cutter local (OCLC) ; Número de libro/Signatura topográfica íntegra, CALL (RLIN) |
M463 |
| año |
2015 |
| 100 1# - ENTRADA PRINCIPAL--NOMBRE DE PERSONA |
| Nombre de persona |
Mendoza González, Héctor Joaquín |
| 240 10 - TÍTULO UNIFORME |
| Título uniforme |
Feasibility study technical-economic for the creation of an industry pulp extraction of tamarind (Tamarindus indica L.) in the municipality of Cuautitlán de García Barragán, Jalisco. |
| Lenguaje de la obra |
Español |
| 245 10 - MENCIÓN DE TÍTULO |
| Título |
Estudio de factibilidad técnico-económica para la creación de una agroindustria despulpadora de tamarindo (Tamarindus indica L.) en el municipio de Cuautitlán de García Barragán, Jalisco/ |
| Mención de responsabilidad, etc. |
Héctor Joaquín Mendoza González y Jaime Morales Parra |
| 264 ## - PRODUCCIÓN, PUBLICACIÓN, DISTRIBUCIÓN, FABRICACIÓN Y COPYRIGHT |
| Producción, publicación, distribución, fabricación y copyright |
Chapingo, México : |
| Nombre del de productor, editor, distribuidor, fabricante |
El autor, |
| Fecha de producción, publicación, distribución, fabricación o copyright |
2015 |
| 300 ## - DESCRIPCIÓN FÍSICA |
| Extensión |
iv, 101 hojas : |
| Otras características físicas |
mapas, gráficas, diagramas, tablas, fotos, planos + |
| Material acompañante/anejo |
1 CD-ROM |
| 336 ## - TIPO DE CONTENIDO |
| Fuente |
rdacontent |
| Término de tipo de contenido |
texto |
| Código de tipo de contenido |
txt |
| 337 ## - TIPO DE MEDIO |
| Fuente |
rdamedia |
| Nombre/término del tipo de medio |
no mediado |
| Código del tipo de medio |
n |
| 338 ## - TIPO DE SOPORTE |
| Fuente |
rdacarrier |
| Nombre/término del tipo de soporte |
volumen |
| Código del tipo de soporte |
nc |
| 500 ## - NOTA GENERAL |
| Nota general |
El CD contiene reporte y presentación |
| 502 ## - NOTA DE TESIS |
| Nota de tesis |
Formulación y evaluación de proyectos |
| Tipo de título |
(Ingeniero Agroindustrial) -- |
| Nombre de la institución que otorga el título |
UACh. Departamento de Ingeniería Agroindustrial, |
| Año de obtención del título |
2015 |
| 504 ## - NOTA DE BIBLIOGRAFÍA, ETC. |
| Nota de bibliografía, etc. |
Bibliografía: hojas 98-101 |
| 505 ## - NOTA DE CONTENIDO CON FORMATO |
| Nota de contenido con formato |
Contiene 4 planos --<br/>1. Plano de distribución de áreas (Esc. 1:100) --<br/>2. Diagrama de flujo para elaboración de pulpa de tamarindo --<br/>3. Plano de distribución de equipo (Esc. 1:100) --<br/>4. Diagrama de recorrido |
| 520 3# - SUMARIO, ETC. |
| Sumario, etc. |
El trabajo consistió en la creación de una agroindustria de despulpado de tamarindo (Tamarindus indica L.). El propósito del proyecto fue darle valor agregado a la fruta de calidad industrial producida en municipio de Cuautitlán de García Barragán, en el estado de Jalisco, y evitar pérdidas por falta de mercado. Se diseñaron estrategias de organización social, de abasto de materia prima, así como el diseño técnico y administrativo de la futura empresa. A partir de ello se determinó la rentabilidad, la factibilidad y el nivel de riesgo para la industria despulpadora. Los resultados muestran que el Proyecto requirió de una inversión total de $ 259 940.00. Resultando que el proyecto es factible técnica y económicamente con una rentabilidad para la empresa del 77.62 %. |
| 520 3# - SUMARIO, ETC. |
| Sumario, etc. |
The work consisted in the creation of an agroindustry of pulp extraction of tamarind (Tamarindus indica L.). The purpose of this project was to give it aggregated value to the industrial quality fruit produced in the municipality of Cuautitlán de García Barragán, in the state of Jalisco, and avoid loss by market absence. It was designed strategies of social organization, raw materials supply, as well as technical and administrative design of future company. From this were determined profitability, feasibility and risk level for pulp extraction industry. The results show that the project requires required a total investment of $ 259 940.00. Resulting that the project is technically and economically feasible with profitability for the company of 77.62%. |
| 650 13 - PUNTO DE ACCESO ADICIONAL DE MATERIA--TÉRMINO DE MATERIA |
| Término de materia o nombre geográfico como elemento de entrada |
Tamarindus indica |
| Subdivisión general |
Pulpa de fruta |
| Fuente del encabezamiento o término |
atg |
| 650 13 - PUNTO DE ACCESO ADICIONAL DE MATERIA--TÉRMINO DE MATERIA |
| Término de materia o nombre geográfico como elemento de entrada |
Iniciativa empresarial |
| Fuente del encabezamiento o término |
atg |
| 650 13 - PUNTO DE ACCESO ADICIONAL DE MATERIA--TÉRMINO DE MATERIA |
| Término de materia o nombre geográfico como elemento de entrada |
Desarrollo comunitario |
| Fuente del encabezamiento o término |
atg |
| 650 13 - PUNTO DE ACCESO ADICIONAL DE MATERIA--TÉRMINO DE MATERIA |
| Término de materia o nombre geográfico como elemento de entrada |
Empresas |
| Fuente del encabezamiento o término |
atg |
| 650 13 - PUNTO DE ACCESO ADICIONAL DE MATERIA--TÉRMINO DE MATERIA |
| Término de materia o nombre geográfico como elemento de entrada |
Tamarindus indica |
| Subdivisión general |
Fruit pulp |
| Fuente del encabezamiento o término |
atg |
| 650 13 - PUNTO DE ACCESO ADICIONAL DE MATERIA--TÉRMINO DE MATERIA |
| Término de materia o nombre geográfico como elemento de entrada |
Entrepreneurship |
| Fuente del encabezamiento o término |
atg |
| 650 13 - PUNTO DE ACCESO ADICIONAL DE MATERIA--TÉRMINO DE MATERIA |
| Término de materia o nombre geográfico como elemento de entrada |
Community development |
| Fuente del encabezamiento o término |
atg |
| 650 13 - PUNTO DE ACCESO ADICIONAL DE MATERIA--TÉRMINO DE MATERIA |
| Término de materia o nombre geográfico como elemento de entrada |
Business enterprises |
| Fuente del encabezamiento o término |
atg |
| 700 1# - PUNTO DE ACCESO ADICIONAL--NOMBRE DE PERSONA |
| Nombre de persona |
Morales Parra, Jaime |
| Término indicativo de función/relación |
autor |
| 700 1# - PUNTO DE ACCESO ADICIONAL--NOMBRE DE PERSONA |
| Nombre de persona |
Ponce Hernández, Pedro |
| Término indicativo de función/relación |
director |
| 700 1# - PUNTO DE ACCESO ADICIONAL--NOMBRE DE PERSONA |
| Nombre de persona |
Ramírez Santiago, César |
| Término indicativo de función/relación |
asesor |
| 700 1# - PUNTO DE ACCESO ADICIONAL--NOMBRE DE PERSONA |
| Nombre de persona |
Pérez Barrón, Juan |
| Término indicativo de función/relación |
asesor |
| 856 41 - LOCALIZACIÓN Y ACCESO ELECTRÓNICOS |
| Identificador Uniforme del Recurso |
<a href="http://10.13.5.2/tesis/sist111591.pdf">http://10.13.5.2/tesis/sist111591.pdf</a> |
| Texto de enlace |
DESCARGAR PDF |
| 901 ## - ELEMENTOS DE DATOS A LOCAL LDA (RLIN) |
| a |
TESIS M463 2015 |
| 942 ## - ELEMENTOS DE PUNTO DE ACCESO ADICIONAL (KOHA) |
| Tipo de ítem Koha |
TESIS |
| Fuente del sistema de clasificación o colocación |
Clasificación Universidad Autónoma Chapingo |
| 902 ## - ELEMENTOS DE DATOS B LOCAL, LDB (RLIN) |
| a |
M |
| 905 ## - ELEMENTOS DE DATOS E LOCAL, LDE (RLIN) |
| a |
5232272015 mx ndml8223123322spa16 |